000
00326nam a22001337a 4500
008
170607b xxu||||| |||| 00| 0 eng d
020
_a
9780312084769
041
_a
eng
080
_2
5 ED
_a
338
100
_a
18
101
_a
SHP
245
_a
THR POLITICS INTERNATIONAL ECONOMICS RELATIONS
_c
SPERO.J.E
942
_2
udc
_c
BK
999
_c
16300
_d
16300